Personnages de Futurama - Statistiques

Statistiques générales
  • Ce quiz a été pris 38 fois
  • Le résultat moyen est 10 sur 20
Statistiques - réponses
Hint Réponse % Correct
Robot alcoolique à tendance narcissique Bender Rodriguez
100%
Homme du XXe siècle cryogénisé pendant 1000 ans Philip J. Fry
97%
Docteur à l'odeur particulière et au physique de crustacé Dr. Zoidberg
82%
Martienne qui est l'élève de celui-ci et dont les parents dirigent un casino Amy Wong
79%
Capitaine cyclope du vaisseau de Planet Express Turanga Leela
76%
Animal de compagnie, bien plus intelligent qu'il en a l'air Nibbler
67%
Pilote narcissique qui veut toujours sortir avec la capitaine du vaisseau Planet Express Zapp Brannigan
67%
Professeur et patron de la compagnie de livraison Planet Express Hubert Farnsworth
64%
Occupe le poste de Président de la Terre Tête de Richard Nixon
64%
Bureaucrate rasta et passionné de limbo Hermes Conrad
61%
Directrice de la principale entreprise de New New York, créatrice de robots M'man
55%
Personnage apparaissant le 25 décembre pour tuer tout le monde Père Noël robot
52%
Robot incarnant le diable dans l'Enfer des robots Beelzebot
36%
Acteur robot dont est fan le robot alcoolique Calculon
27%
Concierge souvent discret de Planet Express Scruffy
27%
Enfant du professeur, qui est un clone de celui-ci Cubert Farnsworth
21%
Chef cuisinier neptunien dont est fan le robot alcoolique Elzar
15%
Alien qui est en couple avec la martienne, mais a accouché de la cyclope Kif Kroker
12%
Empereur de la planète Omicron Persei 8 Lrrr
12%
Enfant robot et orphelin qui marche avec l'aide d'une canne Tinny Tim
12%
Aucun quiz correspondant
Distribution des résultats
% des personnes avec chaque résultat
Percentile par nombre de réponses
Votre historique - résultats
Vous n’avez pas pris ce quiz